| 000 -CABECERA |
| campo de control de longitud fija |
01647nam a2200277 a 4500 |
| 001 - NÚMERO DE CONTROL |
| campo de control |
000035200 |
| 005 - FECHA Y HORA DE LA ÚLTIMA TRANSACCIÓN |
| campo de control |
20200120222231.0 |
| 008 - DATOS DE LONGITUD FIJA--INFORMACIÓN GENERAL |
| campo de control de longitud fija |
090511s2003 sp ar 000 1 spa d |
| 020 ## - NÚMERO INTERNACIONAL ESTÁNDAR DEL LIBRO |
| Número Internacional Estándar del Libro |
9788466726795. |
| 090 ## - LOCALMENTE ASIGNADO TIPO-LC NÚMERO DE CLASIFICACIÓN (OCLC); NÚMERO DE CLASIFICACIÓN LOCAL (RLIN) |
| Número de clasificación (OCLC) (R) ; Numero de clasificación, CALL (RLIN) (NR) |
A |
| Número cutter local (OCLC) ; Número de libro/Signatura topográfica íntegra, CALL (RLIN) |
MONg |
| 100 0# - ENTRADA PRINCIPAL--NOMBRE DE PERSONA |
| Nombre de persona |
Monreal, Violeta. |
| 245 13 - MENCIÓN DE TÍTULO |
| Título |
El gusano naranja / |
| Mención de responsabilidad, etc. |
Violeta Monreal. |
| 250 ## - MENCIÓN DE EDICIÓN |
| Mención de edición |
1a. ed. |
| 260 ## - PUBLICACIÓN, DISTRIBUCIÓN, ETC. |
| Lugar de publicación, distribución, etc. |
Madrid (España) : |
| Nombre del editor, distribuidor, etc. |
Anaya, |
| Fecha de publicación, distribución, etc. |
2003. |
| 300 ## - DESCRIPCIÓN FÍSICA |
| Extensión |
[18] p. : |
| Otras características físicas |
il., col. |
| 490 #0 - MENCIÓN DE SERIE |
| Mención de serie |
Papeles rotos |
| 500 ## - NOTA GENERAL |
| Nota general |
Ejs. 1 y 2 de Biblioteca Colegio Ciudadela : Plan Lector, 2009. ; |
| -- |
Ejs. 1 y 2 de Biblioteca Colegio Chicalá : Plan Lector, 2009. |
| 520 3# - SUMARIO, ETC. |
| Sumario, etc. |
"El rasgo diferenciador de este proyecto está en la realización de los dibujos, basada en la técnica de papeles rasgados. mediante esta técnica se pretende dar pautas a las personas que no solo quieran leer el libro sino que quieran trabajar con él en el aula o en casa. El papel rasgado se aleja del concepto de la perfección y admite la intervención del azar que, debido a la técnica, es lo que realza el resultado plástico final. de este modo, los niños que utilizan estas técnicas obtienen resultados muy vistosos y satisfactorios ofreciendo una alternativa al modo tradicional de trabajo consistente en pintar y borrar. El diseño es limpio y sin líneas dibujadas, el dibujo lo componen el rasgado de los papelitos sobre fondos de color sólido." |
| 650 14 - PUNTO DE ACCESO ADICIONAL DE MATERIA--TÉRMINO DE MATERIA |
| Término de materia o nombre geográfico como elemento de entrada |
Álbum infantil. |
| 650 24 - PUNTO DE ACCESO ADICIONAL DE MATERIA--TÉRMINO DE MATERIA |
| Término de materia o nombre geográfico como elemento de entrada |
Literatura infantil. |
| 650 24 - PUNTO DE ACCESO ADICIONAL DE MATERIA--TÉRMINO DE MATERIA |
| Término de materia o nombre geográfico como elemento de entrada |
Literatura española. |
| 650 24 - PUNTO DE ACCESO ADICIONAL DE MATERIA--TÉRMINO DE MATERIA |
| Término de materia o nombre geográfico como elemento de entrada |
Animales en la literatura. |
| 650 24 - PUNTO DE ACCESO ADICIONAL DE MATERIA--TÉRMINO DE MATERIA |
| Término de materia o nombre geográfico como elemento de entrada |
Gusanos en la literatura. |
| 650 24 - PUNTO DE ACCESO ADICIONAL DE MATERIA--TÉRMINO DE MATERIA |
| Término de materia o nombre geográfico como elemento de entrada |
Colores en la literatura. |
| 901 ## - ELEMENTOS DE DATOS A LOCAL LDA (RLIN) |
| a |
Compra, Distribuidora, 2009. |